| 000 | 01059 a2200229 4500 | ||
|---|---|---|---|
| 999 |
_c6064 _d6064 |
||
| 020 | _a9780750672948 | ||
| 050 | 0 | 0 | _aTD146NEI2003 |
| 100 | 1 | _aWeiner, Ruth F. | |
| 245 | 1 | 0 |
_aEnvironmental engineering / _cRuth F. Weiner and Robin A. Matthews. |
| 250 | _a4th ed. | ||
| 264 |
_aNew Delhi: _bButterworth, _c2003 |
||
| 300 |
_axiii, 484 p. : _bill., maps |
||
| 500 | _aRev. ed. of: Environmental engineering / P. Aarne Vesilind. 3rd ed. c1994. | ||
| 504 | _aIncludes bibliographical references (p. 465-470) and index. | ||
| 650 | 0 | _aEnvironmental engineering. | |
| 700 | 1 | _aMatthews, Robin A. | |
| 700 | 1 |
_aVesilind, P. Aarne. _tEnvironmental engineering. |
|
| 856 | 4 | 2 |
_3Publisher description _uhttp://www.loc.gov/catdir/description/els031/2003050203.html |
| 856 | 4 | 1 |
_3Table of contents _uhttp://www.loc.gov/catdir/toc/els031/2003050203.html |
| 942 |
_2lcc _cBK _h146 _iNEI _kTD |
||